| 000 | 00894nam a2200253Ia 4500 | ||
|---|---|---|---|
| 003 | GCL | ||
| 008 | 140319s9999 xx 000 0 ara d | ||
| 040 |
_aGCL / _cGCL |
||
| 082 | 0 | 4 |
_aق _b962.034 _bص ح |
| 100 | 1 | _aصالح رمضان | |
| 245 | 1 | 0 |
_aالحياة الاجتماعية فى مصر فى عهد اسماعيل من(1879-1863) / _cصالح رمضان |
| 260 |
_aالقاهرة : _bمنشاة المعارف الاسلامية ، _c1977 |
||
| 300 | _a321 ص | ||
| 650 | 0 | 4 | _aالعصر الحديث |
| 650 | 0 | 4 | _aمصر |
| 650 | 0 | 4 | _aالسكان الاجانب |
| 650 | 0 | 4 | _aتاريخ |
| 650 | 0 | 4 | _aالاحوال الاجتماعية |
| 650 | 0 | 4 | _aالاقليات |
| 650 | 0 | 4 | _aالطبقات الاجتماعية |
| 650 | 0 | 4 | _aالنبلاء |
| 650 | 0 | 4 | _aمصر - تاريخ - العصر الحديث - عصر اسماعيل ( 1863-1879 م ) |
| 942 |
_2ddc _cBK |
||
| 999 |
_c53020 _d53020 |
||